000 00612nam a2200229Ia 4500
005 20260430150722.0
008 008 250103s9999 xx 000 0 eng d
037 _aTheses
040 _aCRL
040 _beng
040 _ceng
041 _2eng
041 _aeng
084 _qCRL
100 _aKhanam Atiya Au.; Iffat Zarrin Gu.
_91238291
245 0 _aNaye Urdu afsane (1980 ke baad) ki zuban mein hone wali tabdiliyon ka tanqeedi jayeza
260 _c2024
300 _a327p.
700 _aUniversity of Delhi. Faculty of Arts. Department of Urdu
942 _cTH
999 _c1850461
_d1850461